El juguete rabioso
Sparad:
| Huvudupphovsman: | |
|---|---|
| Materialtyp: | Bok |
| Språk: | spanska |
| Publicerad: |
Madrid
Ediciones Cátedra
2011
|
| Upplaga: | 6a. ed |
| Serie: | Letras Hispánicas, 222
|
| Ämnen: | |
| Taggar: |
Lägg till en tagg
Inga taggar, Lägg till första taggen!
|
MARC
| LEADER | 00000cam a2200000 a 4500 | ||
|---|---|---|---|
| 001 | UCD9107 | ||
| 003 | CL-VaPUC | ||
| 008 | 170602e20110000sp |||||||||||||||||spa|d | ||
| 020 | |a 9788437605111 | ||
| 082 | 0 | 4 | |a Ar863 |b ARL |2 21 |
| 100 | 0 | |a Arlt, Roberto |e author |9 376740 | |
| 245 | 1 | 3 | |a El juguete rabioso |
| 250 | |a 6a. ed | ||
| 300 | |a 239 p | ||
| 942 | |c BK | ||
| 945 | |d 20170602 23:29:00 |a arojas | ||
| 260 | |a Madrid |b Ediciones Cátedra |c 2011 | ||
| 650 | 0 | |a Novelas argentinas |9 267871 | |
| 650 | 0 | |a Literatura argentina |9 320596 | |
| 583 | |a last modification |c 20170602 23:29:00 |k Rodrigo Vera | ||
| 490 | 0 | |a Letras Hispánicas, 222 | |
| 999 | |c 368390 |d 368388 | ||
| 952 | |0 0 |1 0 |3 erb |4 0 |6 AR_863_000000000000000_ARL_2011 |7 0 |8 A |9 483685 |a BIBEDU |b BIBEDU |i 5393655 |o Ar863 ARL 2011 |p 5393655 |r 2019-11-24 |w 2019-11-24 |y BK |z Catalogado en:20170602 |k LIT | ||
| 952 | |0 0 |1 0 |3 erb |4 0 |6 AR_863_000000000000000_ARL_2011 |7 0 |8 A |9 483686 |a BIBEDU |b BIBEDU |i 5393663 |o Ar863 ARL 2011 |p 5393663 |r 2019-11-24 |w 2019-11-24 |y BK |z Catalogado en:20170602 |k LIT | ||